Výhody malých a středních podniků: technologie a export

Formovanie technologického potenciálu malých a stredných podnikov (MSP). Orientácia na výskum a vývoj. Vytváranie novej technologickej deľby práce v ekonomike vyspelých krajín. Rozvoj rizikového podnikania (venture business) ako samostatnej oblasti ekonomickej činnosti, ktoré sa skladá: zo zdrojov v...

Description complète

Enregistré dans:
Détails bibliographiques
Format: Chapitre de livre
Langue:tchèque
Sujets:
Tags: Ajouter un tag
Pas de tags, Soyez le premier à ajouter un tag!

MARC

LEADER 00000naa a2200000 4500
001 r018786
005 20221208131210.6
041 0 |a cze 
044 |a CZ 
245 1 0 |a Výhody malých a středních podniků: technologie a export 
520 |a Formovanie technologického potenciálu malých a stredných podnikov (MSP). Orientácia na výskum a vývoj. Vytváranie novej technologickej deľby práce v ekonomike vyspelých krajín. Rozvoj rizikového podnikania (venture business) ako samostatnej oblasti ekonomickej činnosti, ktoré sa skladá: zo zdrojov venture kapitálu, špecializovaných riskinvestičných spoločností a fondov a venture firiem. Organizácia modernej vedeckotechnickej kooperácie pod záštitou venture kapitálu. Vytváranie vedeckých parkov, inkubátorov a tzv. technopolisov. 
610 2 0 |a podnikanie 
610 2 0 |a podnik malý 
610 2 0 |a podnik stredný 
610 2 0 |a výskum podnikový 
610 2 0 |a vývoj 
610 2 0 |a kapitál rizikový 
610 2 0 |a riziko 
610 2 0 |a firmy 
610 2 0 |a spolupráca podnikov 
610 2 0 |a parky vedeckotechnické 
610 2 0 |a centrá inovačné 
610 2 0 |a inovácia 
610 2 0 |a potenciál vedeckotechnický